UBT Library

Voiceovers : (Record no. 41533)

000 -LEADER
fixed length control field 00790cam a2200265 i 4500
001 - CONTROL NUMBER
control field 18244265
005 - DATE AND TIME OF LATEST TRANSACTION
control field 20180201072839.0
008 - FIXED-LENGTH DATA ELEMENTS--GENERAL INFORMATION
fixed length control field 140728s2014 nyua 001 0 eng
010 ## - LIBRARY OF CONGRESS CONTROL NUMBER
LC control number 2014029888
020 ## - INTERNATIONAL STANDARD BOOK NUMBER
International Standard Book Number 9781621534297 (paperback)
020 ## - INTERNATIONAL STANDARD BOOK NUMBER
International Standard Book Number 1621534294 (paperback)
020 ## - INTERNATIONAL STANDARD BOOK NUMBER
Cancelled/invalid ISBN 9781621534570 (Ebook)
040 ## - CATALOGING SOURCE
Original cataloging agency DLC
Language of cataloging eng
Transcribing agency DLC
Description conventions rda
Modifying agency DLC
041 ## - LANGUAGE CODE
Language code of text/sound track or separate title eng
042 ## - AUTHENTICATION CODE
Authentication code pcc
080 ## - UNIVERSAL DECIMAL CLASSIFICATION NUMBER
Universal Decimal Classification number 791.450028023 jan
082 00 - DEWEY DECIMAL CLASSIFICATION NUMBER
Classification number 791.4502/8023
Edition number 23
084 ## - OTHER CLASSIFICATION NUMBER
Classification number PER001000
Source of number bisacsh
100 1# - Rafti
Rafti 40
101 ## - Shkurtesa
Shkurtesa med
245 10 - TITLE STATEMENT
Title Voiceovers :
Statement of responsibility, etc Janet Wilcox.
906 ## - LOCAL DATA ELEMENT F, LDF (RLIN)
a 7
b cbc
c orignew
d 1
e ecip
f 20
g y-gencatlg
942 ## - ADDED ENTRY ELEMENTS (KOHA)
Source of classification or shelving scheme
Item type Books
Holdings
Withdrawn status Lost status Source of classification or shelving scheme Damaged status Not for loan Collection code Permanent location Current location Shelving location Date acquired Total Checkouts Full call number Barcode Date last seen Price effective from Koha item type
          Koleksioni i përgjithshem UBT - Lipjan UBT - Lipjan Koleksioni i përgjithshem 02/01/2018   791.4502/8023 jan 002-2997644 02/01/2018 02/01/2018 Books
UBT Library © 2015-2024. All rights reserved University Education for Business and Technology